Corrupt schools, corrupt universities : (Record no. 10177)
[ view plain ]
| 000 -LEADER | |
|---|---|
| fixed length control field | 00804nam a22002412 4500 |
| 001 - CONTROL NUMBER | |
| control field | 0000024094 |
| 005 - DATE AND TIME OF LATEST TRANSACTION | |
| control field | 20151217152257.0 |
| 008 - FIXED-LENGTH DATA ELEMENTS--GENERAL INFORMATION | |
| fixed length control field | 130516s xx 000 0 eng d |
| 020 ## - INTERNATIONAL STANDARD BOOK NUMBER | |
| International Standard Book Number | 9280312966 : |
| 040 ## - CATALOGING SOURCE | |
| Original cataloging agency | KABU |
| Transcribing agency | KABU |
| 100 1# - MAIN ENTRY--PERSONAL NAME | |
| Personal name | Hallak, Jacques. |
| -- | 0000184063 |
| 245 10 - TITLE STATEMENT | |
| Title | Corrupt schools, corrupt universities : |
| Remainder of title | what can be done? / |
| Statement of responsibility, etc. | Jacques Hallak and Muriel Poisson. |
| 250 ## - EDITION STATEMENT | |
| Edition statement | 1st ed. |
| 260 ## - PUBLICATION, DISTRIBUTION, ETC. (IMPRINT) | |
| Place of publication, distribution, etc. | Paris : |
| Name of publisher, distributor, etc. | UNESCO, |
| Date of publication, distribution, etc. | 2007. |
| 300 ## - PHYSICAL DESCRIPTION | |
| Extent | 319 p. |
| 650 #0 - SUBJECT ADDED ENTRY--TOPICAL TERM | |
| Topical term or geographic name as entry element | Education |
| General subdivision | Corrupt practices. |
| -- | 0000184064 |
| 650 #0 - SUBJECT ADDED ENTRY--TOPICAL TERM | |
| Topical term or geographic name as entry element | Education |
| General subdivision | Economic aspects. |
| -- | 0000160503 |
| 700 1# - ADDED ENTRY--PERSONAL NAME | |
| Personal name | Poisson, Muriel. |
| -- | 0000184065 |
| 852 1# - LOCATION | |
| -- | p3900 KES |
| 852 1# - LOCATION | |
| -- | p3900 KES |
| 908 ## - PUT COMMAND PARAMETER (RLIN) | |
| Put command parameter | 130516 |
| 950 ## - LOCAL HOLDINGS (RLIN) | |
| -- | 1 |
| Withdrawn status | Lost status | Source of classification or shelving scheme | Not for loan | Home library | Current library | Date acquired | Total Checkouts | Full call number | Barcode | Date last seen | Price effective from | Koha item type |
|---|---|---|---|---|---|---|---|---|---|---|---|---|
| Library of Congress Classification | Kabarak, Main Campus | Kabarak, Main Campus | 17/12/2015 | LC65 .H35 2007 c. 1 | 015283 | 17/12/2015 | 17/12/2015 | General Collection | ||||
| Library of Congress Classification | Kabarak, Main Campus | Kabarak, Main Campus | 17/12/2015 | LC65 .H35 2007 c. 2 | 015284 | 17/12/2015 | 17/12/2015 | General Collection |